Invisible : (Record no. 4067)

MARC details
000 -LEADER
fixed length control field 01268cam a2200397Ii 4500
003 - CONTROL NUMBER IDENTIFIER
control field OSt
005 - DATE AND TIME OF LATEST TRANSACTION
control field 20250130145534.0
008 - FIXED-LENGTH DATA ELEMENTS--GENERAL INFORMATION
fixed length control field 160519s2013 ke 000 0 eng c
020 ## - INTERNATIONAL STANDARD BOOK NUMBER
International Standard Book Number 9789966155368
020 ## - INTERNATIONAL STANDARD BOOK NUMBER
International Standard Book Number 9966155368
035 ## - SYSTEM CONTROL NUMBER
System control number (OCoLC)ocn949947154
040 ## - CATALOGING SOURCE
Original cataloging agency CUY
Language of cataloging eng
Description conventions rda
Transcribing agency CUY
Modifying agency OCLCF
-- SMI
043 ## - GEOGRAPHIC AREA CODE
Geographic area code f-ke---
049 ## - LOCAL HOLDINGS (OCLC)
Holding library SMJD
Notes about holdings cchd 20160916
050 #4 - LIBRARY OF CONGRESS CALL NUMBER
Classification number HQ73.3.K4
Item number M93 2013
082 ## - DEWEY DECIMAL CLASSIFICATION NUMBER
Classification number 306.770
Item number MWA
100 1# - MAIN ENTRY--PERSONAL NAME
Personal name Mwachiro, Kevin,
Dates associated with a name 1973-
Relator term author.
245 10 - TITLE STATEMENT
Title Invisible :
Remainder of title stories from Kenya's queer community /
Statement of responsibility, etc. Kevin Mwachiro.
246 30 - VARYING FORM OF TITLE
Title proper/short title Stories from Kenya's queer community
264 #1 - PRODUCTION, PUBLICATION, DISTRIBUTION, MANUFACTURE, AND COPYRIGHT NOTICE
Place of production, publication, distribution, manufacture Nairobi, Kenya :
Name of producer, publisher, distributor, manufacturer Goethe-Institut Kenya :
-- Native Intelligence,
Date of production, publication, distribution, manufacture, or copyright notice [2013]
300 ## - PHYSICAL DESCRIPTION
Extent 114 pages ;
Dimensions 21 cm
336 ## - CONTENT TYPE
Content type term text
Content type code txt
Source rdacontent
337 ## - MEDIA TYPE
Media type term unmediated
Media type code n
Source rdamedia
338 ## - CARRIER TYPE
Carrier type term volume
Carrier type code nc
Source rdacarrier
490 1# - SERIES STATEMENT
Series statement Contact zones NRB ;
Volume/sequential designation 08, Rogue
650 #0 - SUBJECT ADDED ENTRY--TOPICAL TERM
Topical term or geographic name as entry element Sexual minorities
Geographic subdivision Kenya.
650 #0 - SUBJECT ADDED ENTRY--TOPICAL TERM
Topical term or geographic name as entry element Gays
Geographic subdivision Kenya.
650 #0 - SUBJECT ADDED ENTRY--TOPICAL TERM
Topical term or geographic name as entry element Bisexuals
Geographic subdivision Kenya.
650 #0 - SUBJECT ADDED ENTRY--TOPICAL TERM
Topical term or geographic name as entry element Transgender people
Geographic subdivision Kenya.
650 #0 - SUBJECT ADDED ENTRY--TOPICAL TERM
Topical term or geographic name as entry element Sexual minority community
Geographic subdivision Kenya.
650 #0 - SUBJECT ADDED ENTRY--TOPICAL TERM
Topical term or geographic name as entry element Human rights
Geographic subdivision Kenya.
951 ## - EQUIVALENCE OR CROSS-REFERENCE--GEOGRAPHIC NAME/AREA NAME [OBSOLETE] [CAN/MARC only]
Geographic name 1064115
830 #0 - SERIES ADDED ENTRY--UNIFORM TITLE
Uniform title Contact zones NRB ;
Volume number/sequential designation 8.
942 ## - ADDED ENTRY ELEMENTS (KOHA)
Source of classification or shelving scheme Dewey Decimal Classification
Koha item type Books
949 ## - LOCAL PROCESSING INFORMATION (OCLC)
l afa
g afamain
i 39088018753053
n lc
t book
Holdings
Withdrawn status Lost status Source of classification or shelving scheme Damaged status Not for loan Home library Current library Date acquired Total Checkouts Full call number Barcode Date last seen Price effective from Koha item type
    Dewey Decimal Classification     Bunge Tower Library Bunge Tower Library 01/30/2025   306.770 MWA 2025/0021 01/30/2025 01/30/2025 Books
LIBRARY OPENING HOURS

When the Parliament is sitting: 8.00a.m - 7.00p.m or until the house adjourns
Mondays and Fridays and when the House is on Recess:  8.00a.m - 5.00p.m
Closed on Weekends and Public Holidays

Online Public Access Catalog (OPAC)
Website: http://www.parliament.go.ke
Bunge Library: https://libraryir.parliament.go.ke
Contact: library@parliament.go.ke | Tel no: (254-2)2221291 or 2848000 Ext 5043